| 000 | 02896nam a22002297a 4500 | ||
|---|---|---|---|
| 003 | UA-OsUOA | ||
| 005 | 20220422135320.0 | ||
| 008 | 220422b un ||||| |||| 00| 0 ukr d | ||
| 040 |
_aUA-OsUOA _bukr _cUA-OsUOA _dUA-OsUOA |
||
| 041 | _aukr | ||
| 080 | _a343.359.9 | ||
| 090 | _a343.359.9 | ||
| 095 |
_a12.00.08 _bкримінальне право та кримінологія; кримінально-виконавче право |
||
| 100 | _aГрачов С. В. | ||
| 245 |
_aВідповідальність за порушення порядку здійснення міжнародних передач товарів,що підлягають державному експортному контролю, за кримінальним законодавством України _cГрачов Сергій Володимирович; наук. керівник Шамара Олександр Володимирович |
||
| 260 |
_aКиїв _c2014 |
||
| 300 | _a20 с. | ||
| 502 |
_6Автореферат дисертації на здобуття наукового ступеня кандидата юридичних наук
_cКиївський національний університет імені Тараса Шевченка _d2014 |
||
| 520 | _aДисертацію присвячено дослідженню проблем кримінальної відповідальності за порушення порядку здійснення міжнародних передач контрольованих товарів. Розкрито історичну ретроспективу кримінально-правової протидії порушенню порядку здійснення міжнародних передач контрольованих товарів. З урахуванням доктринальних здобутків, напрацювань правозастосовної практики і положень регулятивного законодавства, здійснено поглиблений кримінально-правовий аналіз об’єктивних і суб’єктивних ознак складу злочину, передбаченого ст. 333 КК України. Розглянуто питання, пов’язані з регламентацією покарання за вчинення цього злочину та його призначення. За результатами проведеного дослідження сформульовано пропозиції щодо вдосконалення КК України та інших нормативно- правових актів, які регулюють здійснення міжнародних передач таких товарів. | ||
| 650 |
_2UDC _a34 Право |
||
| 942 |
_2udc _cAR |
||
| 999 |
_c572430 _d572430 |
||